Biometría : (Registro nro. 189)

Detalles MARC
000 -CABECERA
Campo de control 00815nam a2200241 a 4500
005 - FECHA Y HORA DE LA ULTIMA TRANSACCION
Campo de control 20191224041516.0
008 - ELEMENTOS DE LONGITUD FIJA—INFORMACION GENERAL
Campo de control 140219b1995 nyu||||| |||| 00| 0 spa d
040 ## - FUENTE DE CATALOGACIÓN
Agencia catalogadora original CO-BoIAVH
Agencia transcriptora CO-BoIAVH
041 1# - IDIOMA
Código de idioma para texto/pista de sonido o título separado Español
Código de idioma de la versión original y/o traducciones intermedias del texto Inglés
044 ## - PAÍS DE PUBLICACIÓN
País de publicación España
082 04 - NUMERO DE CLASIFICACION DECIMAL DEWEY
Número de clasificación 570.15195
Número del ítem S68b2
100 1# - ASIENTO PRINCIPAL--NOMBRE PERSONAL
Nombre personal Sokal, Robert R.
9 (RLIN) 3555
245 10 - MENCION DE TITULO
Título Biometría :
Parte restante del título principios y métodos estadísticos en la investigación biológica /
Mención de responsabilidad Robert R. Sokal y F. James Rohlf.
260 ## - PUBLICACION, DISTRIBUCION, ETC. (PIE DE IMPRENTA)
Lugar de publicación, distribución, etc. Madrid :
Nombre del editor, distribuidor, etc. H. Blume ediciones,
Fecha de publicación, distribución, etc. 1995
300 ## - DESCRIPCION FISICA
Extensión 831 páginas ;
Dimensiones 22 cm.
650 14 - ASIENTO SECUNDARIO DE MATERIA - TERMINO TEMATICO
Término temático o nombre geográfico como elemento de entrada Estadística matemática
9 (RLIN) 52791
650 24 - ASIENTO SECUNDARIO DE MATERIA - TERMINO TEMATICO
Término temático o nombre geográfico como elemento de entrada Estadística vital
9 (RLIN) 40122
650 24 - ASIENTO SECUNDARIO DE MATERIA - TERMINO TEMATICO
Término temático o nombre geográfico como elemento de entrada Estadística no paramétrica
9 (RLIN) 3550
650 24 - ASIENTO SECUNDARIO DE MATERIA - TERMINO TEMATICO
Término temático o nombre geográfico como elemento de entrada Biometría
9 (RLIN) 93
700 ## - ASIENTO SECUNDARIO - NOMBRE PERSONAL
Nombre personal Rohlf, F. James,
Término de relación autor.
9 (RLIN) 3552
700 1# - ASIENTO SECUNDARIO - NOMBRE PERSONAL
Nombre personal Lahoz Leon, Miguel
Término de relación traductor.
9 (RLIN) 6836
942 ## - ELEMENTOS ADICIONALES (KOHA)
Tipo de ítem Libro
Sistema de clasificación Dewey Decimal Classification
Existencias
Withdrawn status Lost status Sistema de Clasificación Damaged status No para préstamo Colección Inventariado Ubicación Permanente Ubicación actual Fecha de adquisición Fuente de Valor Valor Total Checkouts Número topográfico Inventario / Código de Barras Date last seen Ejemplar Price effective from Tipo de material
    Dewey Decimal Classification     General Inventariado 2017 Bogotá Bogotá 23/12/1997 Instituto 39000.00   LB-570.15195 S68b2 003540 04/12/2012 Ej. 1 04/12/2012 Libro